Bangladesh Income Tax / Theory and Practice (Record no. 6317)
[ view plain ]
| 000 -LEADER | |
|---|---|
| fixed length control field | 00710nam a22002057a 4500 |
| 003 - CONTROL NUMBER IDENTIFIER | |
| control field | BUBTL |
| 008 - FIXED-LENGTH DATA ELEMENTS--GENERAL INFORMATION | |
| fixed length control field | 200722b xxu||||| |||| 00| 0 eng d |
| 020 ## - INTERNATIONAL STANDARD BOOK NUMBER | |
| International Standard Book Number | 984-300-000975-5 |
| 082 ## - DEWEY DECIMAL CLASSIFICATION NUMBER | |
| Classification number | 336.2409549/SHB |
| 100 ## - MAIN ENTRY--PERSONAL NAME | |
| Personal name | Shill, Nikhil Chandra |
| 9 (RLIN) | 3281 |
| 245 ## - TITLE STATEMENT | |
| Title | Bangladesh Income Tax / Theory and Practice |
| Remainder of title | Nikhil Chandra Shil, and Mohammad Zakaria Masud and Mohammad Faridul Alam |
| 250 ## - EDITION STATEMENT | |
| Edition statement | 6th |
| 260 ## - PUBLICATION, DISTRIBUTION, ETC. (IMPRINT) | |
| Place of publication, distribution, etc. | Dhaka |
| Name of publisher, distributor, etc. | Shams Publication |
| Date of publication, distribution, etc. | c2012 |
| 300 ## - PHYSICAL DESCRIPTION | |
| Extent | 770p . : |
| Other physical details | ill . ; 23cm . |
| 650 ## - SUBJECT ADDED ENTRY--TOPICAL TERM | |
| Topical term or geographic name as entry element | Accounting |
| 9 (RLIN) | 3282 |
| 700 ## - ADDED ENTRY--PERSONAL NAME | |
| Personal name | Nikhil Chandra Shil, and Mohammad Zakaria Masud and Mohammad Faridul Alam |
| 9 (RLIN) | 3283 |
| 856 ## - ELECTRONIC LOCATION AND ACCESS | |
| Password | 0 |
| Logon | 0 |
| Link text | Download |
| 942 ## - ADDED ENTRY ELEMENTS (KOHA) | |
| Source of classification or shelving scheme | |
| Koha item type | Books |
No items available.
